20 Most Populated Country Capitals - Statistics

General Stats
  • This quiz has been taken 46 times
  • The average score is 15 of 20
Answer Stats
Population Answer % Correct
21,500,000 Beijing
98%
9,273,000 Tokyo
98%
8,788,102 London
95%
18,980,100 Delhi
93%
9,500,100 Cairo
91%
9,608,123 Jakarta
91%
11,920,000 Moscow
91%
8,851,080 Mexico City
86%
9,981,000 Seoul
84%
8,249,117 Bangkok
80%
8,846,752 Tehran
75%
8,081,000 Bogota
73%
14,400,000 Dhaka
73%
9,752,000 Lima
66%
5,515,072 Ankara
64%
7,587,800 Hanoi
59%
9,464,101 Kinshasa
59%
4,897,290 Riyadh
55%
7,665,100 Baghdad
52%
5,150,091 Santiago
52%
No matching quizzes found
Score Distribution
Percent of People with Each Score
Percentile by Number Answered
Your Score History
You have not taken this quiz